000 00415nam a2200169 a 4500
001 0000-9107
003 ELIB.Books
008 110520 1986
035 _a(ELIB.Books)0000-9256
082 _a230
_bVor
100 _aVorgrimler, Herbert
245 _aUnderstanding karl Rahner
260 _bLondon: SCM Press
_c1986
650 _aTheology
942 _2ddc
_cBK
998 _cbat
_e2011-05-20
999 _c9107
_d9107